000 00549cam a22001457a 4500
008 180718b2001 xxu||||| |||| 00| 0 eng d
082 _aT478x54 R299S/C
100 _aStanding Committee on International Financial Standards and Codes
245 _aReport of the Advisory Group on Corporate Governance
_cby Standing Committee on International Financial Standards and Codes
260 _aMumbai
_bReserve Bank of India
_c2001
300 _a70p.
500 _aChairman: R.H. Patil
700 _aReserve Bank of India
700 _aPatil, R.H. (Chairman)
999 _c482450
_d482450